Betónové konštrukcie : dimenzovanie podla prvej skupiny medzných stavov /

Hlavní autor: Fillo, Ľudovít
Další autoři: Benko, Vladimír
Jazyk: Slovenština
Vydáno: Bratislava : Slovenská technická univerzita, 1992
Vydání: 1. vyd.
Témata:
Fyzický popis: 103 s.
Knihy
Uloženo v:
LEADER 01123nam a22002772a 4500
001 000165967
003 CZ BrMZK
005 20180802065302.0
008 970103s1992 xo e p slo d
040 |a BOA001  |b cze 
072 7 |a 624  |x Stavební inženýrství  |2 Konspekt  |9 19 
072 7 |a 37.016  |x Učební osnovy. Vyučovací předměty. Učebnice  |2 Konspekt  |9 22 
080 |a 624.012.3/.4  |2 MRF 
080 |a (075.8)  |2 MRF 
100 1 |a Fillo, Ľudovít  |7 mzk2006355806 
245 1 0 |a Betónové konštrukcie :  |b dimenzovanie podla prvej skupiny medzných stavov /  |c Ľudovít Fillo, Vladimír Benko 
250 |a 1. vyd. 
260 |a Bratislava :  |b Slovenská technická univerzita,  |c 1992 
300 |a 103 s. 
650 0 7 |a betonové konstrukce  |7 ph114137  |2 czenas 
655 7 |a učebnice vysokých škol  |7 fd133772  |2 czenas 
700 1 |a Benko, Vladimír  |7 xx0043532 
910 |a BOA001  |b TK-A-0250.935 
990 |a BK 
996 7 |b 2629988176  |c TK-A-0250.935  |l MZK  |r Sklad / do 24 hodin  |n 1  |w 000165967  |u 000010  |a 1  |e BOA001  |j MZK50  |s A 
996 7 |b 2629988179  |c TK-A-0250.935  |l MZK  |r Sklad / do 24 hodin  |n 0  |w 000165967  |u 000020  |a 1  |e BOA001  |j MZK50  |s A